000 00293nam a22001337a 4500
008 170908b xxu||||| |||| 00| 0 eng d
020 _a9780521528757
041 _aeng
080 _a91
100 _a42
101 _aGJEO
245 _aINDIA IN THE WORLD ORDER
_cNAYAR,B.R
942 _2udc
_cBK
999 _c26851
_d26851